书目信息 |
| 题名: |
1898年那场未遂政变
|
|
| 作者: | 马勇 著 | |
| 分册: | ||
| 出版信息: | 南京 江苏人民出版社 2015 |
|
| 页数: | 445页 | |
| 开本: | 24cm | |
| 丛书名: | ||
| 单 册: | ||
| 中图分类: | K256.507 | |
| 科图分类: | ||
| 主题词: | 戊戌变法--wu qu bian fa--研究 | |
| 电子资源: | ||
| ISBN: | 978-7-214-15638-9 | |
| 000 | 01163nam0 22002411 450 | |
| 001 | 0120082302 | |
| 005 | 20170320100023.96 | |
| 010 | @a978-7-214-15638-9@dCNY49.00 | |
| 100 | @a20150817d2015 em y0chiy50 ea | |
| 101 | 0 | @achi |
| 102 | @aCN@b320000 | |
| 105 | @ay z 000yy | |
| 106 | @ar | |
| 200 | 1 | @a1898年那场未遂政变@91898nian na chang wei sui zheng bian@f马勇著 |
| 205 | @a2版 | |
| 210 | @a南京@c江苏人民出版社@d2015 | |
| 215 | @a445页@d24cm | |
| 330 | @a本书讲述:1897年年底,德国强占胶州湾,引起新一轮的瓜分狂潮。亡国的幻灭感笼罩整个大清帝国,朝野上下迅速积聚起政治激进主义的浪潮。以光绪帝为代表的帝国统治阶层,以康有为为代表的维新派知识分子,在政治改革上达成共识,悄然推动了这场后世称为“戊戌变法”的改革运动。陷入泥潭的政治体制改革,此时亟需一个突围的方向。“帝党”与“后党”不和的传闻,让康有为等维新派错误地找到了一个改革方向:只要打倒以慈禧为代表的“后党”,改革就能顺利推行。于是,一场企图以军事政变推动政治改革的行动,在风雨飘摇的晚清帝都悄然酝酿。 | |
| 606 | 0 | @a戊戌变法@9wu qu bian fa@x研究 |
| 690 | @aK256.507@v5 | |
| 701 | 0 | @a马勇@9ma yong@f(1956~)@4著 |
| 801 | 0 | @aCN@bTANGWEI@c20170308 |
| 905 | @b0957588-90@dK256.507@e55=2@f3 | |
| 1898年那场未遂政变/马勇著.-2版.-南京:江苏人民出版社,2015 |
| 445页;24cm |
| ISBN 978-7-214-15638-9:CNY49.00 |
| 本书讲述:1897年年底,德国强占胶州湾,引起新一轮的瓜分狂潮。亡国的幻灭感笼罩整个大清帝国,朝野上下迅速积聚起政治激进主义的浪潮。以光绪帝为代表的帝国统治阶层,以康有为为代表的维新派知识分子,在政治改革上达成共识,悄然推动了这场后世称为“戊戌变法”的改革运动。陷入泥潭的政治体制改革,此时亟需一个突围的方向。“帝党”与“后党”不和的传闻,让康有为等维新派错误地找到了一个改革方向:只要打倒以慈禧为代表的“后党”,改革就能顺利推行。于是,一场企图以军事政变推动政治改革的行动,在风雨飘摇的晚清帝都悄然酝酿。 |
| ● |
| 相关链接 |
|
|
|
|
正题名:1898年那场未遂政变
索取号:K256.507/55=2
 
预约/预借
| 序号 | 登录号 | 条形码 | 馆藏地/架位号 | 状态 | 备注 |
| 1 | 0957588 | 209575887 | 第二样本阅览室/ [索取号:K256.507/55=2] | 在馆 | |
| 2 | 0957589 | 209575896 | 第二借阅区/ [索取号:K256.507/55=2] | 在馆 | |
| 3 | 0957590 | 209575903 | 第二借阅区/ [索取号:K256.507/55=2] | 在馆 |